| 000 | 00907nam a2200301 a 4500 | ||
|---|---|---|---|
| 999 |
_c200425928 _d43851 |
||
| 003 | TR-AnTOB | ||
| 005 | 20190322123537.0 | ||
| 008 | 040706s1996 tu d 000 0 eng | ||
| 020 | _a9756499087 | ||
| 040 |
_aITU _beng _cTR-AnTOB _dTR-AnTOB _erda |
||
| 041 | _aeng | ||
| 049 | _aDENI | ||
| 050 | 0 | 0 |
_aPE1319 _b.C43 1996 |
| 090 |
_aREF PE1319 _b.C43 1996 |
||
| 245 | 0 | 0 |
_aChambers dictionary of phrasal verbs / _ccomp. Kay Cullen, Howard Sargeant. |
| 264 |
_aİstanbul : _bBest, _c1996. |
||
| 300 |
_axii, 436 pages _c23 cm |
||
| 336 |
_2rdacontent _atext |
||
| 337 |
_2rdamedia _aunmediated |
||
| 338 |
_2rdacarrier _avolume |
||
| 590 | _aDonated by Nermin Çaker. | ||
| 650 | 0 |
_aEnglish language _xVerb phrase _xDictionaries. |
|
| 650 | 0 |
_aİngiliz dili _xFiil deyim _xSözlükler. |
|
| 650 | 0 | _aSargeant, Howard. | |
| 700 | 1 | _aCullen, Kay. | |
| 942 |
_2lcc _cREF |
||